| 000 | 00464nam a22001337a 4500 | ||
|---|---|---|---|
| 008 | 230523b |||||||| |||| 00| 0 eng d | ||
| 020 | _a978-0281057269 | ||
| 050 |
_aBV4211.2 _b.G85 2005 |
||
| 245 |
_aA guide to preaching _cEdited by Roger Bowen with David L. Edwards, David Gitari, Simea Meldrum, Esther Mombo and Vinoth Ramachandra |
||
| 260 |
_aGreat Britain _bSPCK _c2005 |
||
| 300 | _ax, 166p. | ||
| 440 | _aSPCK International study guide 38 | ||
| 942 |
_2lcc _cBK |
||
| 999 |
_c20145 _d20144 |
||